UBT Library

Webster's medical desk dictionary. (Record no. 39983)

000 -LEADER
fixed length control field 00501pam a2200205 a 4500
001 - CONTROL NUMBER
control field 3824044
005 - DATE AND TIME OF LATEST TRANSACTION
control field 20180110071348.0
008 - FIXED-LENGTH DATA ELEMENTS--GENERAL INFORMATION
fixed length control field 860611s1986 mau d 000 0 eng
010 ## - LIBRARY OF CONGRESS CONTROL NUMBER
LC control number 86016280
020 ## - INTERNATIONAL STANDARD BOOK NUMBER
International Standard Book Number 0877790256 :
Terms of availability $18.95
040 ## - CATALOGING SOURCE
Original cataloging agency DLC
Transcribing agency DLC
Modifying agency DLC
041 ## - LANGUAGE CODE
Language code of text/sound track or separate title eng
080 ## - UNIVERSAL DECIMAL CLASSIFICATION NUMBER
Universal Decimal Classification number 610.321
082 00 - DEWEY DECIMAL CLASSIFICATION NUMBER
Classification number 610.321 WEB
Edition number 19
100 ## - Rafti
Rafti 23
101 ## - Shkurtesa
Shkurtesa FJA
245 00 - TITLE STATEMENT
Title Webster's medical desk dictionary.
906 ## - LOCAL DATA ELEMENT F, LDF (RLIN)
a 7
b cbc
c orignew
d 1
e ocip
f 19
g y-gencatlg
942 ## - ADDED ENTRY ELEMENTS (KOHA)
Source of classification or shelving scheme
Item type Books
Holdings
Withdrawn status Lost status Source of classification or shelving scheme Damaged status Not for loan Collection code Permanent location Current location Shelving location Date acquired Total Checkouts Full call number Barcode Date last seen Price effective from Koha item type
          Koleksioni i përgjithshem UBT - Lipjan UBT - Lipjan Koleksioni i përgjithshem 01/10/2018   610.321 WEB 002-2994845 01/10/2018 01/10/2018 Books
UBT Library © 2015-2024. All rights reserved University Education for Business and Technology